Programación en C : introducción y conceptos avanzados /
Guardado en:
| Autor Principal: | |
|---|---|
| Otros Autores: | , |
| Formato: | Libro |
| Idioma: | Spanish English |
| Publicado: |
Madrid :
Anaya Multimedia,
c1987.
|
| Etiquetas: |
Agregar Etiqueta
Sin Etiquetas, Sea el primero en etiquetar este registro!
|
| LEADER | 00645nam a22001935a 4500 | ||
|---|---|---|---|
| 001 | MAT.inmabb005311 | ||
| 008 | 090216s1987####sp#a##########001#0#spa#d | ||
| 005 | 20170508165406.0 | ||
| 245 | 1 | 0 | |a Programación en C : |b introducción y conceptos avanzados / |c Mitchell Waite, Stephen Prata, Donald Martin. |
| 260 | |a Madrid : |b Anaya Multimedia, |c c1987. | ||
| 300 | |a 496 p. : |b il. ; |c cm. | ||
| 500 | |a Traducción de: C primer plus. c1984. | ||
| 020 | |a 8476140304 | ||
| 100 | 1 | |a Waite, Mitchell. | |
| 700 | 1 | |a Prata, Stephen. | |
| 700 | 1 | |a Martin, Donald |q (Donald W.) | |
| 084 | |a 68N15 |2 msc2000 | ||
| 041 | 1 | |a spa |h eng | |
| 859 | |h 68 |i W145 |p A-6064 |b BIB. MATEMATICA | ||
